The book of the farm (Record no. 114190)
[ view plain ]
| 000 -LEADER | |
|---|---|
| fixed length control field | 00562cam a22001935a 4500 |
| 001 - CONTROL NUMBER | |
| control field | L156334 |
| 008 - FIXED-LENGTH DATA ELEMENTS--GENERAL INFORMATION | |
| fixed length control field | 120514s1852 xxk f 000 0 eng d |
| 035 ## - SYSTEM CONTROL NUMBER | |
| System control number | (Sirsi) u156334 |
| 041 0# - LANGUAGE CODE | |
| Language code of text/sound track or separate title | eng |
| 100 1# - MAIN ENTRY--PERSONAL NAME | |
| Personal name | Stephens, Henry |
| Dates associated with a name | 1795-1874 |
| 245 04 - TITLE STATEMENT | |
| Title | The book of the farm |
| 250 ## - EDITION STATEMENT | |
| Edition statement | 2nd ed. |
| 260 ## - PUBLICATION, DISTRIBUTION, ETC. | |
| Place of publication, distribution, etc. | Edinburgh and London |
| Name of publisher, distributor, etc. | W. Blackwood and sons |
| Date of publication, distribution, etc. | 1852 |
| 300 ## - PHYSICAL DESCRIPTION | |
| Extent | 2 v. |
| Other physical details | ill. 14 pl. (incl. fronts.) |
| Dimensions | 25 cm |
| 583 ## - ACTION NOTE | |
| Action | Condition reviewed |
| Time/date of action | 20120620 |
| Status | condition level 1 and 1 |
| 651 #4 - SUBJECT ADDED ENTRY--GEOGRAPHIC NAME | |
| Geographic name | Great Britain |
| Chronological subdivision | 1707- |
| 690 ## - LOCAL SUBJECT ADDED ENTRY--TOPICAL TERM (OCLC, RLIN) | |
| Topical term or geographic name as entry element | Rural |
| 9 (RLIN) | 6268 |
| 942 ## - ADDED ENTRY ELEMENTS (KOHA) | |
| Suppress in OPAC | 0 |
| Withdrawn status | Lost status | Damaged status | Not for loan | Home library | Current library | Shelving location | Date acquired | Total Checkouts | Full call number | Barcode | Date last seen | Copy number | Price effective from | Koha item type |
|---|---|---|---|---|---|---|---|---|---|---|---|---|---|---|
| Historic collection | Historic collection | Historic collection | 14/05/2012 | AGRICULTURE OCTAVO 1852 STEPHENS VOL 1 | 30076802 | 20/08/2025 | 1 | 06/08/2019 | Book | |||||
| Historic collection | Historic collection | Historic collection | 19/07/2012 | AGRICULTURE OCTAVO 1852 STEPHENS VOL 2 | 30076806 | 20/08/2025 | 1 | 06/08/2019 | Book |